Zawodnicy Hype MMA - Statystyki

Ogólne statystyki
  • Ten quiz został rozwiązany 158 razy
  • Średni wynik to 8 z 14
Statystyki odpowiedzi
Hint Odpowiedź % Poprawnych
13 Hejter
93%
14 Rafonix
93%
11 Adix
70%
5 Bary
63%
1 Blecki
63%
4 Krissu
57%
10 Władek
57%
3 Kuba trenuje
53%
2 One Norbi
43%
8 Zakrzew
43%
12 Pavloo
40%
9 Taksi ZRT
40%
6 Kalbar
37%
7 Bercik
33%
Nie znaleziono quizów pasujących do podanych kryteriów
Rozkład punktacji
Procent ludzi z każdym wynikiem
Percentyl według liczby udzielonych odpowiedzi
Twoja historia wyników
Nie rozwiązałeś tego quizu